000 nam a22 7a 4500
999 _c10312
_d10312
008 180213b ||||| |||| 00| 0 eng d
100 _aKumar, H
_96274
245 _aNega computer class -I
260 _aNew Delhi
_bP P C Publication
_c2007